| 000 | 01154nmc a2200349 a 4500 | ||
|---|---|---|---|
| 003 | AR-BaBNM | ||
| 005 | 20251128203035.0 | ||
| 008 | 156019s1986 ||||||||||||||000 | spa|| | ||
| 020 | _a84-7112-095-X | ||
| 040 | _cAR-BaBNM | ||
| 100 | 1 | _aKnapp, Robert H. | |
| 245 | 1 | 0 |
_aOrientación del escolar _btécnicas diferenciales y especiales : los tests de vida |
| 250 | _a9ª ed. | ||
| 260 |
_aMadrid _bEdiciones Morata _c1986 |
||
| 300 |
_a442 p. _bil., diagr., tablas |
||
| 490 | 0 | _aPedagogía. Orientación pedagógica | |
| 500 | _aIndice alfabético: p.433-438 | ||
| 500 | _aIndice de autores: p. 439-442 | ||
| 500 | _aEl ejemplar con número de inventario 066517 corresponde a una primera edición del año 1962 | ||
| 504 | _aBibliografía: 406-431 | ||
| 650 | 4 | _aOBJETIVOS DE LA ORIENTACION | |
| 650 | 4 | _aEVALUACION DEL ALUMNO | |
| 650 | 4 | _aDIFICULTADES EN EL APRENDIZAJE | |
| 650 | 4 | _aORIENTACION PROFESIONAL | |
| 650 | 4 | _aACTIVIDADES EN GRUPO | |
| 650 | 4 | _aPRUEBAS PSICOLOGICAS | |
| 650 | 4 | _aENTREVISTAS | |
| 653 | _aORIENTACION EDUCATIVA | ||
| 700 | 1 |
_aGonzalvo Mainar, Gonzalo _etraductor |
|
| 942 | _cBK | ||
| 998 | _cSILVI | ||
| 999 |
_c1624 _d1624 |
||